| 000 | 00403nmm a2200145Ia 4500 | ||
|---|---|---|---|
| 008 | 251105s9999||||xx |||||||||||||||||und|| | ||
| 041 | _aspa | ||
| 100 | _aPalacios López, Teo | ||
| 245 | 0 | _aLos hijos de Heracles | |
| 264 |
_a[Madrid, España] : _bEdhasa, _c2000 |
||
| 300 | _a320 páginas | ||
| 650 | _aHistorical fiction | ||
| 856 | _uhttps://public.digitaliapublishing.com/a/30909 | ||
| 942 | _cCF | ||
| 999 |
_c104179 _d104179 |
||